000 00416nam a2200157Ia 4500
005 20250704032955.0
008 240331s9999 xx 000 0 und d
020 _a9559538616
082 _bWET
_a954
100 _aWeththamuni,W
245 0 _aMahawansaya ha sinhala jana jeewithaya
260 _aKelaniya
_bSheela Printings
_c1998
300 _a248 p .,
500 _aThe Mahavamsa and Sinhala Folk life
942 _cL
999 _c5284
_d5284